000 00477nam a2200181Ia 4500
001 9836
005 20260306161747.0
008 260306t2015||||xx |||||||||||||| ||spa||
041 _aESP
082 _a467.985
_bC17
100 _aCalvo Pérez, Julio
_eAUT
245 0 _aPalabras libres pero amigas:
_bparticularidades del léxico del castellano peruano
260 _c2015
300 _a565 páginas :
_c28 cm.
650 _aGEN
654 _aCHU
942 _cLIB
_dJUS
_fJUS
_2ddc
_n
999 _c9836
_d9836